• 首页
  • 本馆介绍
  • 公告通知
  • 最新文献
  • 馆藏检索
  • 电子资源
  • 读者导购
  • 参考咨询
  • 我的图书馆
  • 登录
  • 详细信息显示
  • 放入我的书架
  • 预约/预借图书
  • 作者相关作品
  • 分类相关作品
  • 丛书相关作品
  • 出版社相关作品

书目信息

  • 表格格式
  • 工作单格式
  • 卡片格式
题名:
普通话语音学习
    
 
作者: 陈毓藩 著
分册:  
出版信息: 长春   吉林人民出版社  1979.9
页数: 142页
开本: 19cm
丛书名:
单 册:
中图分类: H102
科图分类:
主题词: 汉语
电子资源:
ISBN:
000 00525nam0 2200205 45
001 0302271053
005 20060815105540.48
010    @dCNY0.34
091    @a7091.1075
100    @a20030227d1979 km y0chiy0120 ea
101 0  @achi
200 1  @a普通话语音学习@APu Tong Hua Yu Yin Xue Xi@f陈毓藩著@FChen Yu Fan Zhu
205    @a修订本
210    @a长春@c吉林人民出版社@d1979.9
215    @a142页@d19cm
606 0  @a汉语
690    @aH102@v3
701  0 @a陈毓藩@4著
801    @aCN@bTSTC@c20060815
905    @f1@b19051@dH102@e10
    
    普通话语音学习/陈毓藩著.-修订本.-长春:吉林人民出版社,1979.9
    142页;19cm
    
    
    ISBN :CNY0.34
    
●
相关链接 在E读中查询图书 在五车中查询图书 在当当中查询图书 在豆瓣中查询图书


正题名:普通话语音学习     索取号:H102/10         预约/预借

序号 登录号 条形码 馆藏地/架位号 状态 备注
1 0019051   001750849   第四借阅区/ [索取号:H102/10] 在馆    
2 0436480   204364801   密集书库/ [索取号:H102/10] 在馆    
3 0462789   204627895   密集书库/ [索取号:H102/10] 在馆    
4 0462790   204627902   密集书库/ [索取号:H102/10] 在馆    
5 0462860   204628607   密集书库/ [索取号:H102/10] 在馆    
唐山师范学院图书馆 欢迎您!
大连网信软件有限公司© 版权所有